Регионална библиотека "Любен Каравелов" - Русе

Зазоряване (Запис номер 161665)

MARC детайли
000 -Лидер
Контролно поле с фиксирана дължина 01196nam a2200337 c 4500
003 - Код на организацията, давaща контролен номер
Контролно поле BLK
005 - Дата и час на последна редакция
Контролно поле 20220225125020.0
008 - Елементи от данни с фиксирана дължина
fixed length control field 180410b bul|||||r ||||||| ||bul||
010 ## - Наследен системен номер
LC control number KNG00168997000
040 ## - Източник на каталожния запис
Идентификатор на билиотеката - собственик на записа BLK
041 ## - Код за език
Код за езика на текст/звукозапис или на отделно заглавие Български
Код за езика КДБФ Български
072 #7 - Код за тематичната категория
Код организация bullib
Код за тематична категория Я
Текст Автографи
072 #7 - Код за тематичната категория
Код организация bullib
Код за тематична категория К
Текст Краезнание
080 ## - УДК
Текстов определител УДК Българска литература
УДК код - определител по УДК 821.163.2
УДК определител -1
УДК - код + определител 821.163.2-1
080 ## - УДК
Текстов определител УДК Българска литература
УДК код - определител по УДК 821.163.2
УДК определител -193.2
УДК - код + определител 821.163.2-193.2
100 1# - Редна дума - Автор
Автор Коларов, Иван Стоянов
Авторска отговорност първи автор
R(LIN) 372482
139 ## - Редно поле
Редна дума Коларов, Иван Стоянов
Авторски знак Кок - К 77
245 10 - Сведения за заглавието
Заглавие Зазоряване
Подзаглавни данни Стихотворения, епиграми
Редно поле (дума) Иван Стоянов Коларов.
257 ## - Страна на издаване
Страна на създаване/издаване България
260 ## - Област на издателските данни
Име на издателя, разпространителя и проч. Държ. изд.
Година на издаване 1964
300 ## - Физическа характеристика
Страници 56 с.
Размери/Мащаб 18 см
380 ## - Жанр
Жанр Худож. лит.
500 ## - Общи забележки
Забележка 2 080 тир.
659 ## - Тематичен бюлетин
Тематичен бюлетин К
659 ## - Тематичен бюлетин
Тематичен бюлетин Я
852 ## - Местоположение
Форматна сигнатура Цб І 7016
852 ## - Местоположение
Форматна сигнатура К 821.163.2/К 77 И
856 4# - Електронен адрес и достъп
Електронен формат pdf - файл
856 4# - Електронен адрес и достъп
Електронен формат pdf - файл
999 ## - СИСТЕМНИ КОНТРОЛНИ НОМЕРА
Koha biblionumber 161665
Koha biblioitemnumber 161665
942 ## - АРТИКУЛИ
Вид на библиотечния материал Книги
Скрит в OPAC Не
Периодичен библиозапис Да
944 ## - СЪЗДАВАНЕ И РЕДАКЦИЯ на ЗАПИСА
Създаване/Редакция Създаване
Дата на регистрацията/редакция 18.12.2014
Статус, дата на статуса 18.12.2014 - от С1,Р / 18.12.2014
Служител, извършил регистрацията/редакцията Нора_Радева
944 ## - СЪЗДАВАНЕ И РЕДАКЦИЯ на ЗАПИСА
Създаване/Редакция Редакция
Дата на регистрацията/редакция 18.12.2014
Статус, дата на статуса 18.12.2014 - от С1,Р / 18.12.2014
999 ## - СИСТЕМНИ КОНТРОЛНИ НОМЕРА
Koha biblioitemnumber 161665
Наличности
Код за отписване Код за изгубен артикул Източник на класификационната схема Код за повреда Коз за рестрикции Код за отдаване Артикулен № Име на библиотеката - собственик Име на библиотеката, в която се намира в момента Статус (Текущо местоположение) Дата на вписване в системата Местоположение - отдел Цена в лева Инвентарен номер Систематично азбучна сигнатура Баркод Номер на екземпляра Цена в евро Служебна бележка Служебен тип на артикула Номерация (Хронология)
  Не е изгубен Universal Decimal Classification Не е повреден без рестрикции ползва се в читалня 270134 Регионална библиотека "Любен Каравелов" Русе Регионална библиотека "Любен Каравелов" Русе Хранилище 1964-01-01 Хранилище 0.14 15261/64 Цб І 7016 900000028220 1 0.07 Дост: Dp Вид: Д Дата: 01.01.1964 Книги  
  Не е изгубен Universal Decimal Classification Не е повреден без рестрикции ползва се в читалня 270135 Регионална библиотека "Любен Каравелов" Русе Регионална библиотека "Любен Каравелов" Русе Краезнание 1964-01-01 Краезнание 0.14 15852/64 К 821.163.2/К 77 И 900000003531 2 0.07 Вид: Сф Дата: 01.01.1964 Дата инв: 14.11.2017 Бележки инв: К2017 Книги Автограф: От автора
Vip Innovations Ltd, Rousse, Bulgaria 2025